Nag Hammadi library : (Record no. 26757)
[ view plain ]
| 000 -LEADER | |
|---|---|
| fixed length control field | 01124nam a2200265 4500 |
| 008 - FIXED-LENGTH DATA ELEMENTS--GENERAL INFORMATION | |
| fixed length control field | 060526m20002004cc b 000 0 chi d |
| 020 ## - INTERNATIONAL STANDARD BOOK NUMBER | |
| International Standard Book Number | 9628322230 (v. 1) :HK98/73.50/Php487.80 |
| 020 ## - INTERNATIONAL STANDARD BOOK NUMBER | |
| International Standard Book Number | 9628322427 (v. 2) :HK70/52.50/Php348.40 |
| 020 ## - INTERNATIONAL STANDARD BOOK NUMBER | |
| International Standard Book Number | 9628322877 (v. 3) :HK128/96.00/Php637.10 |
| 040 ## - CATALOGING SOURCE | |
| Original cataloging agency | CVU |
| Transcribing agency | CVU |
| Modifying agency | H2K |
| 090 ## - LOCALLY ASSIGNED LC-TYPE CALL NUMBER (OCLC); LOCAL CALL NUMBER (OCLC) | |
| Classification number (OCLC) (R) ; Classification number, CALL (RLIN) (NR) | BT1391.A6 |
| Local cutter number (OCLC) ; Book number/undivided call number, CALL (RLIN) | C5 2000 |
| 093 ## - | |
| -- | 279 1083 2000 |
| 130 0# - MAIN ENTRY--UNIFORM TITLE | |
| Uniform title | Nag Hammadi codices.Chinese. |
| 245 10 - TITLE STATEMENT | |
| Title | Nag Hammadi library : |
| Remainder of title | codices {ch} / |
| Statement of responsibility, etc | eds., James M. Robinson, Richard Smith; trans. by Yeo Khiok Khng |
| 260 ## - PUBLICATION, DISTRIBUTION, ETC. (IMPRINT) | |
| Place of publication, distribution, etc | Hong Kong : |
| Name of publisher, distributor, etc | Institute of Sino-Christian Studies, |
| Date of publication, distribution, etc | 2000-2004. |
| 300 ## - PHYSICAL DESCRIPTION | |
| Extent | 3 v. ; |
| Dimensions | 22 cm. |
| 490 1# - SERIES STATEMENT | |
| Series statement | Chinese academic library of Christian thought ancient series; |
| Volume number/sequential designation | 108,113, 118. |
| 504 ## - BIBLIOGRAPHY, ETC. NOTE | |
| Bibliography, etc | Includes bibliographical references. |
| 505 0# - FORMATTED CONTENTS NOTE | |
| Formatted contents note | Contents: Codices 1-2; Codices 3-6; Codices 7-13. |
| 650 #4 - SUBJECT ADDED ENTRY--TOPICAL TERM | |
| Topical term or geographic name as entry element | Gnostic literature {ch}. |
| 650 #4 - SUBJECT ADDED ENTRY--TOPICAL TERM | |
| Topical term or geographic name as entry element | Gnosticism {ch}. |
| 951 ## - EQUIVALENCE OR CROSS-REFERENCE-GEOGRAPHIC NAME/AREA NAME [OBSOLETE] [CAN/MARC only] | |
| General subdivision | 00032960 |
| 700 1# - ADDED ENTRY--PERSONAL NAME | |
| Personal name | Robinson, James McConkey, |
| Dates associated with a name | 1924- |
| 700 1# - ADDED ENTRY--PERSONAL NAME | |
| Personal name | Smith, Richard, |
| Dates associated with a name | 1943 Sept. 28- |
| 951 ## - EQUIVALENCE OR CROSS-REFERENCE-GEOGRAPHIC NAME/AREA NAME [OBSOLETE] [CAN/MARC only] | |
| -- | C-7589 |
| -- | BT1391.A6/C5 2000-III |
| -- | 070613111555765 |
| -- | 2000-12-21 |
| -- | REF-CH |
| Withdrawn status | Lost status | Damaged status | Not for loan | Home library | Current library | Shelving location | Date acquired | Accession number | Shelving control number | Total Checkouts | Full call number | Barcode | Date last seen | Price effective from | Koha item type | Source of classification or shelving scheme | Source of acquisition | Cost, normal purchase price | Serial Enumeration / chronology |
|---|---|---|---|---|---|---|---|---|---|---|---|---|---|---|---|---|---|---|---|
| BSOP Library | BSOP Library | Reference Chinese | 12/21/2000 | C-7589 | 127 | BT1391.A6/C5 2000-III | 00032960 | 02/23/2013 | 02/23/2013 | Books | |||||||||
| BSOP Library | BSOP Library | Chinese Books (General Circulation) | 09/09/2013 | C-11145 | BT1391.C5 N37r 2000 | 00042871 | 09/09/2013 | 09/09/2013 | Books | Library of Congress Classification | CAP | 612.00 | v. III |
